Les plus gros transferts du football - Milieux centraux - Statistiques

Statistiques générales
  • Ce quiz a été pris 138 fois
  • Le résultat moyen est 10 sur 13
Statistiques - réponses
Montant de transfert (M €) Saison Nationalité Venant de Allant à Joueur % Correct
105,00 2016-2017 France Juventus Turin Manchester United Paul Pogba
100%
86,00 2019-2020 Pays-Bas Ajax Barcelone Frenkie de Jong
96%
45,00 2023-2024 Italie Paris SG Al-Arabi SC Marco Verratti
92%
121,00 2022-2023 Argentine Benfica Chelsea Enzo Fernández
91%
60,00 2020-2021 Bosnie-Herzégovine Juventus Turin Barcelone Miralem Pjanic
82%
45,00 2019-2020 Croatie Real Madrid Chelsea Mateo Kovacic
81%
62,00 2019-2020 France Olympique Lyonnais Tottenham Tanguy Ndombélé
77%
60,00 2018-2019 Guinée RB Leipzig Liverpool Naby Keïta
73%
70,00 2023-2024 Hongrie RB Leipzig Liverpool Dominik Szoboszlai
69%
59,00 2018-2019 Brésil Shakhtar D. Manchester United Fred
67%
45,00 2019-2020 Belgique AS Monaco Leicester City Youri Tielemans
63%
62,00 2023-2024 Brésil / Portugal Wolverhampton Manchester City Matheus Nunes
58%
45,00 2022-2023 Brésil / Portugal Sporting CP Wolverhampton Matheus Nunes
58%
Aucun quiz correspondant
Distribution des résultats
% des personnes avec chaque résultat
Percentile par nombre de réponses
Votre historique - résultats
Vous n’avez pas pris ce quiz